Aurora. 02, Aurora plane /
Další díl akční sci-fi série, ve kterém se musí jednotka odpadlíků postavit prastarému zlu, které hrozí zničit vše, co mu přijde do cesty.
Uloženo v:
| Série: | Aurora,
část 2 |
|---|---|
| Hlavní autor: | |
| Další autoři: | , |
| Médium: | E-kniha |
| Jazyk: | Czech |
| Vydáno: |
V Praze :
CooBoo,
2021
|
| Vydání: | 1. vydání |
| Témata: | |
| Příbuzné jednotky: | Z cyklu::
Aurora |
| Tagy: |
Žádné tagy |
| LEADER | 02988nam a2200505 i 4500 | ||
|---|---|---|---|
| 001 | 311463 | ||
| 003 | CZ PrSKC | ||
| 005 | 20260601215706.0 | ||
| 007 | ta | ||
| 008 | 211101s2021 xr g 000 f cze | ||
| 015 | |a cnb003368858 | ||
| 020 | |a 9788076613430 |q (vázáno) | ||
| 035 | |a (OCoLC)1288051400 | ||
| 035 | |a (OCoLC)1291382553 | ||
| 040 | |a ABG001 |b cze |e rda | ||
| 041 | 1 | |a cze |h eng | |
| 072 | 7 | |a 821.111-3 |x Anglická próza, anglicky psaná |2 Konspekt | |
| 080 | |a 821.111(94)-31 |2 MRF | ||
| 080 | |a (0:82-311.9) |2 MRF | ||
| 100 | 1 | |a Kaufman, Amie |7 osa2016934627 |4 aut | |
| 240 | 1 | 0 | |a Aurora burning. |l Česky |
| 245 | 1 | 0 | |a Aurora. |n 02, |p Aurora plane / |c Amie Kaufmanová a Jay Kristoff ; přeložila Kateřina Stupková |
| 246 | 3 | 0 | |a Aurora plane |
| 250 | |a 1. vydání | ||
| 264 | 1 | |a V Praze : |b CooBoo, |c 2021 | |
| 300 | |a 443 stran ; |c 21 cm | ||
| 336 | |a text |b txt |2 rdacontent | ||
| 337 | |a bez média |b n |2 rdamedia | ||
| 338 | |a svazek |b nc |2 rdacarrier | ||
| 500 | |a Přeloženo z angličtiny | ||
| 520 | 2 | |a Další díl akční sci-fi série, ve kterém se musí jednotka odpadlíků postavit prastarému zlu, které hrozí zničit vše, co mu přijde do cesty. |b Prastaré zlo, které dokáže pohltit celé planety, se probudilo. Důležité vodítko, jak celou galaxii zachránit, může skrývat černá skříňka Hadfieldu, lodi, ze které Tyler Jones zachránil Auri, a která by měla být dávno ztracená v Přehybu. Dostat se k vraku se ale nakonec ukáže být tím nejjednodušším. Minulost se slévá s budoucností a Auri ztrácí kontrolu nad svými schopnostmi. Hadfield definitivně mizí v záblesku modři, černou skříňku však už někdo z lodi odnesl. Kdo to byl a k čemu ji potřebuje? Kandidátů je hned několik - od agentů GIA, kteří se snaží zmocnit Auri, až po Kalovu sestru, která vede sydrathskou armádu Nezlomených. Na povrch vyplouvají temná tajemství a ještě více než dříve se ukazuje, že osud galaxie závisí na tom, zda Auri dokáže plně ovládnout své schopnosti. | |
| 546 | |a Český text | ||
| 655 | 7 | |a australské romány |7 fd131842 |2 czenas | |
| 655 | 7 | |a vědecko-fantastické romány |7 fd133847 |2 czenas | |
| 655 | 9 | |a Australian fiction |2 eczenas | |
| 655 | 9 | |a science fiction novels |2 eczenas | |
| 700 | 1 | |a Kristoff, Jay, |d 1973- |7 osa2016934667 |4 aut | |
| 700 | 1 | |a Hajžmanová, Kateřina, |d 1993- |7 kv2016937039 |4 trl | |
| 787 | 0 | 8 | |i Z cyklu: |t Aurora |g 2 |
| 900 | |a ABA001 |b 20 | ||
| 928 | 9 | |a Albatros Media - CooBoo | |
| 044 | |a xr | ||
| 910 | |a RBIT002 | ||
| 998 | |d 339228 |a https://core.palmknihy.cz/api/books/339228/cover?si73ox |b https://core.palmknihy.cz/api/books/339228/cover/400?si73ox |c https://core.palmknihy.cz/api/books/339228/cover/50?si73ox |e 2026-07-31 |g 448 |i 9788076613430 |j https://core.palmknihy.cz/api/books/339228/preview.epub |k https://core.palmknihy.cz/api/books/339228/preview.pdf |l |q 49 |r 1 |s https://www.palmknihy.cz/kniha/339228 |t ebook |y 2021 |z 0 |v Aurora |w 2 | ||
| 999 | |d 311461 | ||